Újságkivágat cigány bűnesetről.
Elmentve itt :
| Dokumentumtípus: | Kézirat |
|---|---|
| Kulcsszavak: | cigánybűnözés, cigány bűneset, cigány babona |
| Online Access: | http://misc.bibl.u-szeged.hu/46894 |
| LEADER | 00525ntm a2200145 i 4500 | ||
|---|---|---|---|
| 001 | misc46894 | ||
| 005 | 20200519110540.0 | ||
| 008 | 200519suuuu hu o 0|| hun d | ||
| 040 | |a SZTE Miscellanea Repozitórium |b hun | ||
| 041 | |a hun | ||
| 245 | 0 | 0 | |a Újságkivágat cigány bűnesetről. |h [elektronikus dokumentum] |
| 300 | |a 1 | ||
| 561 | |a Herrmann Antal hagyaték | ||
| 695 | |a cigánybűnözés, cigány bűneset, cigány babona | ||
| 856 | 4 | 0 | |u http://misc.bibl.u-szeged.hu/46894/1/hermann_antal_ms_1934_004_egyeb_132.pdf |z Dokumentum-elérés |